00946 2200265 4500001002100000005001500021035002500036007000300061008004100064020002200105040001700127041000800144082001800152084001800170090002200188090002200210130007400232245021100306260003600517300003100553650004000584850001200624999002200636990002200658INLIS00000000003458820191108125255 a0010-031800000000531ta180308s2017 yoi gr ind d a978-602-61867-3-7 aYOPDYOGbind0 aind042[23]a346.017 a346.017 Ind U aDEP 346.017 Ind U aCB-D.11 2017-1859 aINDONESIA. [Undang-undang No.17 tahun 2016 tentang perlindungan anak]00aUndang-undang Republik Indonesia nomor 17 tahun 2016 tentang perlindungan anak pengganti undang-undang nomor 1 tahun 2016 tentang perubahan kedua atas undang-undang nomor 23 tahun 2002 menjadi undang-undang31aYogyakarta :bManuscript,c2017 aviii, 230 halaman ;c25 cm 4aAnak--vUndang-undang dan peraturan aYOPDYOG aCB-D.11/2017-1859 aCB-D.11/2017-1859